LEADER 00690nam0-22002531i-450- 001 990001148900403321 035 $a000114890 035 $aFED01000114890 035 $a(Aleph)000114890FED01 035 $a000114890 100 $a20000920d1984----km-y0itay50------ba 101 0 $aeng 200 1 $aGeneral Topology$fby Dixmier J. 210 $aNew York [etc.]$cSpringer-Verlag$d1984 225 1 $aUndergraduate Texts in Mathematics 700 1$aDixmier,$bJacques$f<1924- >$041130 801 0$aIT$bUNINA$gRICA$2UNIMARC 901 $aBK 912 $a990001148900403321 952 $aC-4-(3$b4460$fMA1 959 $aMA1 996 $aGeneral Topology$9344488 997 $aUNINA DB $aING01 LEADER 01857cam0-2200553---450- 001 990000089590203316 005 20081203160918.0 010 $a88-464-1971-5 035 $a0008959 035 $aUSA010008959 035 $a(ALEPH)000008959USA01 035 $a0008959 100 $a20000914d2000----|||y0itay0103----ba 101 1 $aita 102 $ait 105 $a||||||||001yy 200 1 $a<> tre chiavi dell'empowerment$ecome liberare il potenziale dei collaboratori ottenendo dei risultati entusiasmanti$fKen Blanchard, John P. Carlos, Alan Randolph$g[traduzione italiana di Roberto Merlini] 210 $aMilano$cF. Angeli$d2000 215 $a207 p.$d24 cm 225 2 $aFormazione permanente$hSez. 1$iProblemi d'oggi 312 $aTrad. di : The 3 keys to empowerment 410 0$a12001$aFormazione permanente$hSez. 1$iProblemi d'oggi 610 $aAziende$aGestione 676 $a658.404 700 1$aBLANCHARD,$bKen$0107069 701 1$aCARLOS,$bJohn P.$0438114 701 1$aRANDOLPH,$bAlan$0438115 801 $aIT$bSALBC$gISBD 912 $a990000089590203316 951 $a658.404 BLA 1 (IRA 10 40)$b8063 E.C.$cIRA 10$d00003312 959 $aBK 979 $c20000914$lUSA01$h1741 979 $c20000919$lUSA01$h1048 979 $c20000919$lUSA01$h1521 979 $c20001019$lUSA01$h1056 979 $c20001019$lUSA01$h1454 979 $c20001019$lUSA01$h1501 979 $c20001019$lUSA01$h1539 979 $c20001024$lUSA01$h1515 979 $c20001027$lUSA01$h1519 979 $c20001027$lUSA01$h1524 979 $c20001110$lUSA01$h1710 979 $c20001124$lUSA01$h1208 979 $c20020403$lUSA01$h1616 979 $aPATRY$b90$c20040406$lUSA01$h1607 979 $aRSIAV2$b90$c20081203$lUSA01$h1609 996 $aTre chiavi dell'empowerment$91489053 997 $aUNISA bas $aeco LEADER 02804nam 22005775 450 001 9910254157503321 005 20200703054717.0 010 $a3-319-59409-5 024 7 $a10.1007/978-3-319-59409-5 035 $a(CKB)4340000000061691 035 $a(MiAaPQ)EBC4908631 035 $a(DE-He213)978-3-319-59409-5 035 $a(PPN)203669223 035 $a(EXLCZ)994340000000061691 100 $a20170710d2017 u| 0 101 0 $aeng 135 $aurcnu|||||||| 181 $2rdacontent 182 $2rdamedia 183 $2rdacarrier 200 10$aPrinciples of Nanomagnetism /$fby Alberto P. Guimarães 205 $a2nd ed. 2017. 210 1$aCham :$cSpringer International Publishing :$cImprint: Springer,$d2017. 215 $a1 online resource (330 pages) $cillustrations, tables 225 1 $aNanoScience and Technology,$x1434-4904 311 $a3-319-59408-7 320 $aIncludes bibliographical references and indexes. 327 $aThe Basis of Nanomagnetism -- Magnetic Domains -- Magnetism of Small Particles -- Magnetism of Thin Films and Multilayers -- Magnetotransport and Spin Current Effects. 330 $aThe second edition of this book on nanomagnetism presents the basics and latest studies of low-dimensional magnetic nano-objects. It highlights the intriguing properties of nanomagnetic objects, such as thin films, nanoparticles, nanowires, nanotubes, nanodisks and nanorings as well as novel phenomena like spin currents. It also describes how nanomagnetism was an important factor in the rapid evolution of high-density magnetic recording and is developing into a decisive element of spintronics. Further, it presents a number of biomedical applications. With exercises and solutions, it serves as a graduate textbook. 410 0$aNanoScience and Technology,$x1434-4904 606 $aMagnetism 606 $aMagnetic materials 606 $aNanotechnology 606 $aMagnetism, Magnetic Materials$3https://scigraph.springernature.com/ontologies/product-market-codes/P25129 606 $aNanotechnology$3https://scigraph.springernature.com/ontologies/product-market-codes/Z14000 606 $aNanotechnology and Microengineering$3https://scigraph.springernature.com/ontologies/product-market-codes/T18000 615 0$aMagnetism. 615 0$aMagnetic materials. 615 0$aNanotechnology. 615 14$aMagnetism, Magnetic Materials. 615 24$aNanotechnology. 615 24$aNanotechnology and Microengineering. 676 $a620.11597 700 $aGuimarães$b Alberto P$4aut$4http://id.loc.gov/vocabulary/relators/aut$0767368 801 0$bMiAaPQ 801 1$bMiAaPQ 801 2$bMiAaPQ 906 $aBOOK 912 $a9910254157503321 996 $aPrinciples of Nanomagnetism$91562254 997 $aUNINA